NHL teams based off logo - Statistics

General Stats
  • This quiz has been taken 114 times
  • The average score is 27 of 32
Answer Stats
Picture Answer % Correct
New Jersey Devils
95%
San Jose Sharks
93%
Toronto Maple Leafs
93%
Boston Bruins
92%
Edmonton Oilers
90%
New York Rangers
90%
Colorado Avalanche
89%
Dallas Stars
89%
Philadelphia Flyers
89%
Washington Capitals
89%
Florida panthers
88%
Los Angeles Kings
88%
Anaheim Ducks
86%
Detroit Red Wings
86%
New York Islanders
86%
Tampa Bay Lightning
86%
Buffalo Sabres
85%
Minnesota Wild
85%
Carolina Hurricanes
84%
Columbus Blue Jackets
84%
Seattle Kraken
84%
Chicago Blackhawks
82%
Calgary Flames
81%
Pittsburgh Penguins
81%
Vegas Golden Knights
81%
Winnipeg Jets
79%
St. Louis Blues
78%
Montreal Canadiens
75%
Vancouver Canucks
75%
Arizona Coyotes
74%
Ottawa Senators
74%
Nashville Predators
71%
No matching quizzes found
Score Distribution
Percent of People with Each Score
Percentile by Number Answered
Your Score History
You have not taken this quiz